| 000 | 01181nam a2200289 4500 | ||
|---|---|---|---|
| 001 | 177425 | ||
| 003 | ES-MaACL | ||
| 005 | 20230907124046.0 | ||
| 008 | 110322r20081809sp acfh |||| |dspa d | ||
| 017 | _aZ-4.291/08 | ||
| 020 | _a9788493644260 | ||
| 080 | _a94(460.224 Z.)"1808/09" | ||
| 100 | 1 |
_aVaughan, Charles Richard. _9145796 |
|
| 245 | 1 | 0 |
_aNarrativa del Sitio de Zaragoza / _cCharles Richard Vaughan ; edición, José Luis Cintora ; traducción, Olga Sofía Cintora. |
| 260 |
_aZaragoza : _bComuniter : _bInstitución "Fernando el Católico", _c2008. |
||
| 300 |
_a109 p., [12] h. de lám. col. ; _c24 cm. |
||
| 534 |
_pReprod. de la ed. de. _tNarrative of the Siege of Zaragoza, _cLondon : James Ridgway, 1809. |
||
| 546 | _aTexto inglés y traducción en español. | ||
| 651 | 7 |
_aZaragoza- _xHistoria- _y1808-1809, Sitio. _9142068 |
|
| 700 | 1 |
_aCintora, José Luis. _9145797 |
|
| 700 | 1 |
_aCintora, Olga Sofía. _9145798 |
|
| 710 | 2 |
_aInstitución "Fernando el Católico" _94721 |
|
| 740 | 0 | _aNarrative of the Siege of Zaragoza. | |
| 852 |
_aES-MaACL _9184243 _bR.144447 _jA-11058 _dOlim:N-4066 _cDEPO1 |
||
| 942 |
_2udc _cMONOGRAFIA |
||
| 999 |
_c177425 _d177425 |
||